1586 1381 1103 1222 1734 1247 1532 1683 1703 1453 1532 1859 1452 1475 1017 1786 1318 1144 1854 1292 1130 1627 1953 1953 1530 1247 1422 1758 1515 1274 1168 1136 1227 1909 1647 1669 1740 1441 1606 1347 1799 1197 1700 1095 1186 1748 1430 1842 1164 1739 1950 1590 1704 1381 1423 1444 1322 1444 1596 1236 1909 1137 1869 1997 1729 1845 1143 1368 1464 1155 1477 1110 1241 1822 1092 1621 1042 1339 1737 1943 1070 1144 1221 1060 1260 1572 1816 1537 1235 1895 1416 1329 1273 1368 1004 1476 1098 1289 1132 BCNSPRNW ULIB Ver.6.0+V

เปลี่ยนเป็นภาษาไทย

Change to English
 แสดงรายละเอียดบรรณานุกรม
  กลับหน้าหลัก

Brief Record : Get Marc (ISO 2709) : E-mail record : QR code < ปิดหน้าต่าง
LEADER : 00000nam 2200000uu 4500
001    13399128746
003     ULIB
008    240828s2565||||th 000 0 tha d
020 0  ^a9786164078031
060  0 ^aWP100^bธ526น^cล.1
100 0  ^aธาริณี แม่นชนะ
110 0  ^aจุฬาลงกรณ์มหาวิทยาลัย. คณะแพทยศาสตร์. ภาควิชาสูติศาสตร์-นรีเวชวิทยา.
245 00 ^aนรีเวชวิทยา เล่มที่ 1/^cธาริณี แม่นชนะ,^cสมสุข สันติเพ็ญจกุล,^cภิญญดา ปัญญาวรานันท์,^cพธู ตัณฑ์ไพโรจน์,^cณัฏฐ์กฤตา ไพธิพรธวัฒน์,^cนลินา ออประยูร,^cชินา ไอฬารรัตน์พันธ์,^cณัฐชา พูลเจริญ, และ^cปวีณา ธุวะนุติ
250    ^aพิมพ์ครั้งที่ 5
260    ^aกรุงเทพฯ :^bภาควิชาสูติศาสตร์-นรีเวชวิทยา คณะแพทยศาสตร์ จุฬาลงกรณ์มหาวิทยาลัย,^c2565
300    ^a3 เล่ม :^bภาพประกอบ
650  0 ^aนรีเวชวิทยา
700 0  ^aสมสุข สันติเพ็ญจกุล
710 0  ^aภิญญดา ปัญญาวรานันท์
710 0  ^aพธู ตัณฑ์ไพโรจน์
710 0  ^aณัฏฐ์กฤตา ไพธิพรธวัฒน์
710 0  ^aนลินา ออประยูร
710 0  ^aชินา ไอฬารรัตน์พันธ์
710 0  ^aณัฐชา พูลเจริญ
710 0  ^aปวีณา ธุวะนุติ
856    ^a^zหนังสืออิเล็กทรอนิกส์ CU-eLibrary^uhttps://elibrary-bcnkorat.cu-elibrary.com/rent/ebook/detail/154b8883-4151-455f-b148-6c82d5c726b2
856    ^a^zนรีเวชวิทยา เล่มที่ 1 (สารบัญหนังสือ)^uhttp://110.164.66.211/ULIB6//_fulltext/bookcontent/13399117422/B0012310.pdf
945    ^p300^l0^i010652
945    ^p300^l0^i010653
945    ^p300^l0^i010654
999    ^aประนอม เกษจรัล
รายการนี้ยังไม่มีแท็ก
คุณยังไม่ได้ล็อกอิน คุณสามารถมีกิจกรรมร่วมกับเว็บไซต์ได้ แต่ต้องล็อกอินก่อน ::
  ล็อกอิน

รายการสื่อสารสนเทศ

ลำดับที่ ประเภท เลขเรียก/บาร์โค้ด สถานที่ สถานะ
1. วิทยาศาสตร์การแพทย์ และสุขภาพ
หนังสือสำรอง
สถานะ=หนังสือสำรอง
WP100 ธ526น ล.1 ฉ.1 
  Barcode: 010652
ห้องสมุดวิทยาเขตสวรรค์ประชารักษ์
►หนังสือทั่วไป
บนชั้น
2. วิทยาศาสตร์การแพทย์ และสุขภาพ
วิทยาศาสตร์การแพทย์ และสุขภาพ
WP100 ธ526น ล.1 ฉ.2 
  Barcode: 010653
ห้องสมุดวิทยาเขตสวรรค์ประชารักษ์
►หนังสือทั่วไป
บนชั้น
3. วิทยาศาสตร์การแพทย์ และสุขภาพ
วิทยาศาสตร์การแพทย์ และสุขภาพ
WP100 ธ526น ล.1 ฉ.3 
  Barcode: 010654
ห้องสมุดวิทยาเขตสวรรค์ประชารักษ์
►หนังสือทั่วไป
บนชั้น

รายการใกล้เคียง
    ผู้แต่ง [ธาริณี แม่นชนะ]

    หัวเรื่อง [นรีเวชวิทยา]

BibComment


ยังไม่เคยถูกคอมเมนท์

คอมเมนท์ทรัพยากรรายการนี้
  คอมเมนท์: นรีเวชวิทยา เล่ม..


 Copyright 2026. Bcnsprnw @Library